Top 20 Brand Quiz Stats

 Plays Quiz not verified by Sporcle

Challenge
Share
Tweet
Embed
Score 0/20 Timer 05:00
0 Plays Today
Rank Brand Name % Correct
6Apple
74.9%
2Microsoft
70.9%
3Coca-cola
60%
5McDonalds
57.9%
1Google
48.2%
11Walmart
41.9%
14Toyota
37%
4IBM
26.8%
17HP
22.8%
18BMW
20.5%
Rank Brand Name % Correct
8General Electric
15.4%
13Nokia
13.2%
20Disney
12.5%
16Blackberry
7.5%
15UPS
5.1%
10Marlboro
4.2%
9Vodafone
4%
7China Mobile
2.6%
19SAP
1.4%
12ICBC
0.9%

You're not logged in!

Compare scores with friends on all Sporcle quizzes.
Join for Free
OR
Log In

You Might Also Like...

Show Comments

Extras

Top Quizzes Today


Score Distribution

Your Account Isn't Verified!

In order to create a playlist on Sporcle, you need to verify the email address you used during registration. Go to your Sporcle Settings to finish the process.

Report this User

Report this user for behavior that violates our Community Guidelines.

Details: